Sports Quiz

Random Sports or World Quiz
Score 0/32 Timer 10:00
0 Plays Today
Year Answer % Correct
2015Simone Biles
99.3%
2014Simone Biles
98.8%
2013Simone Biles
98.1%
2007Shawn Johnson
95.9%
2011Jordyn Wieber
94.5%
1994Shannon Miller
94.5%
1993Shannon Miller
94.5%
2010Aliya Mustafina
92.6%
2003Svetlana Khorkina
92.6%
2001Svetlana Khorkina
92.6%
1997Svetlana Khorkina
92.6%
1991Kim Zmeskal
89.4%
2006Vanessa Ferrari
88%
2009Bridget Sloan
86.2%
2005Chellsie Memmel
85.7%
1995Lilia Podkopayeva
81.6%
Year Answer % Correct
1979Nellie Kim
78.3%
1962Larisa Latynina
78.3%
1958Larisa Latynina
78.3%
1989Svetlana Boginskaya
77.4%
1974Ludmilla Tourischeva
72.4%
1970Ludmilla Tourischeva
72.4%
1985=Yelena Shushunova
71.4%
1966Vera Caslavska
71.4%
1999Maria Olaru
62.2%
1987Aurelia Dobre
57.6%
1978Elena Mukhina
53.9%
1983Natalia Yurchenko
53.5%
1985=Oksana Omelianchik
45.6%
1981Olga Bicherova
32.3%
1950Helena Rakoczy
14.7%
1954Galina Rudiko
8.3%
Remove Ads.
Support Sporcle.
Get the best of Sporcle when you Go Orange. This ad-free experience offers more features, more stats, and more fun while also helping to support Sporcle. Thank you for becoming a member.

You're not logged in!

Compare scores with friends on all Sporcle quizzes.
OR
Log In

Show Comments

Extras

Top Quizzes Today


Score Distribution

Your Account Isn't Verified!

In order to create a playlist on Sporcle, you need to verify the email address you used during registration. Go to your Sporcle Settings to finish the process.

Report this User

Report this user for behavior that violates our Community Guidelines.

Details: